000 00566nam a2200193Ia 4500
008 191130s2006##################000#0#eng##
020 _a9780521032681
040 _aACL
_cACL
082 _a338.947009 GRE
100 _aGregory, Paul R
245 _aRestructuring the Soviet economic bureaucracy
_cPaul R. Gregory
260 _aNew York
_b[publisher not identified]
_c2006
300 _axii, 181p. : ill. ; 24cm
500 _aIncludes index
650 _aEconomics policy
990 _ab99b5a7dac10000c18d6d16572fd05f4
991 _a228167
999 _c390398
_d390398